| 000 | 00680cab a2200193 4500 | ||
|---|---|---|---|
| 001 | ##L135520 | ||
| 008 | 061020n2006 000 0 eng u | ||
| 035 | _a(Sirsi) u135520 | ||
| 041 | _aeng | ||
| 100 | 1 | _aLawson, David | |
| 245 | 0 | 0 |
_aManaged business space _bthe price of inflexibility |
| 260 | 3 | _c2006 | |
| 490 | 0 |
_aProperty Week _v71(42) 20 October 2006,139(1) |
|
| 520 | _aLooks at how landlords and investors must be flexible regarding leases, layouts and payment terms as they are far more negotiable today than in the past. | ||
| 590 | _aIKA141106 | ||
| 651 | 4 |
_aUnited Kingdom _y |
|
| 690 | _aPROPERTY-COMMERCIAL PROPERTY-COMMERCIAL PROPERTY MARKET | ||
| 942 | _n0 | ||
| 999 |
_c77922 _d77922 |
||